[Event "Andalucia-ch Fase Provincial"]
[Site "Almeria"]
[Date "2013.04.21"]
[Round "2"]
[White "Ortega Fernandez, Maria"]
[Black "Cabrera Valverde, Cristina"]
[Result "0-1"]
[WhiteElo "1698"]
[BlackElo "1617"]
[PlyCount "104"]
[EventDate "2013.04.20"]
[EventType "swiss"]
[EventRounds "3"]
[EventCountry "ESP"]
[SourceTitle "EXT 2015"]
[Source "ChessBase"]
[SourceDate "2014.11.20"]
[SourceVersion "1"]
[SourceVersionDate "2014.11.20"]
[SourceQuality "1"]

1. e4 Nf6 2. Nc3 d5 3. e5 Nfd7 4. d4 e6 5. Nf3 c5 6. Be2 cxd4 7. Qxd4 Nc6 8. Qf4 a6 9. Qg3 g6 10. Bg5 Qb6 11. Rb1 Bg7 12. Bf4 Qc7 13. 0-0 Ndxe5 14. Rfe1 f6 15. Bd3 0-0 16. h4 Nxf3+ 17. Qxf3 Qf7 18. Qe3 d4 19. Qg3 dxc3 20. bxc3 f5 21. Kh2 Bxc3 22. Rh1 Bg7 23. Kg1 e5 24. Bd2 h5 25. Rb6 e4 26. Be2 f4 27. Qg5 Qf5 28. Bc4+ Kh7 29. Kf1 Qxg5 30. hxg5 e3 31. Bb4 Rd8 32. Bd3 Bd4 33. Rxh5+ Kg7 34. Rh6 Bxb6 35. Rxg6+ Kf7 36. Rf6+ Ke8 37. Rf8+ Kd7 38. Rf7+ Ke6 39. Rf6+ Kd5 40. Bf8 e2+ 41. Bxe2 Be6 42. c4+ Ke5 43. Bg7 Kd6 44. Bg4 Re8 45. Bf8+ Rxf8 46. Rxe6+ Kc7 47. g6 Rg8 48. Rf6 Raf8 49. Re6 Rg7 50. a4 Re7 51. g7 Rxg7 52. Bf3 Nd4 0-1

[Event "Andalucia-ch U14 1011"]
[Site "Almeria"]
[Date "2011.03.26"]
[Round "5.5"]
[White "Conejo Sanchez, Rafael"]
[Black "Ortega Fernandez, Maria"]
[Result "1-0"]
[WhiteElo "1744"]
[BlackElo "1496"]
[PlyCount "29"]
[EventDate "2011.03.25"]
[EventType "swiss"]
[EventRounds "9"]
[EventCountry "ESP"]
[SourceTitle "EXT 2024"]
[Source "ChessBase"]
[SourceDate "2023.10.10"]
[SourceVersion "1"]
[SourceVersionDate "2023.10.10"]
[SourceQuality "1"]

1. e4 e5 2. Nf3 Nc6 3. d4 exd4 4. Nxd4 Qf6 5. Nxc6 Qxc6 6. Bd3 Bc5 7. Nc3 Ne7 8. 0-0 0-0 9. Bf4 a6 10. Qh5 b5 11. Nd5 Ra7 12. b4 Bd6 13. e5 g6 14. Nf6+ Kg7 15. Qxh7# 1-0